All the Countries with Crosses in their flags - Statistics

General Stats
  • This quiz has been taken 67 times
    53 since last reset
  • The average score is 11 of 20
Answer Stats
Answer % Correct
Sweden
97%
Norway
89%
Denmark
83%
Finland
83%
Iceland
83%
UK
81%
Greece
64%
Switzerland
64%
New Zealand
58%
Australia
56%
Georgia
56%
Fiji
47%
Malta
42%
Tuvalu
33%
Tonga
31%
Slovakia
25%
Jamaica
19%
Dominica
14%
Dominican Republic
14%
Burundi
11%
No matching quizzes found
Score Distribution
Percent of People with Each Score
Percentile by Number Answered
Your Score History
You have not taken this quiz since the last reset